[Event "Petrosian mem-J"]
[Site "Moscow"]
[Date "1998.??.??"]
[Round "?"]
[White "Grachev, Boris"]
[Black "Bereslavsky, Mikhail"]
[Result "1/2-1/2"]
[WhiteElo "2205"]
[BlackElo "2075"]

1.e4 e6 2.d4 d5 3.Nc3 Nf6 4.e5 Nfd7 5.f4 c5 6.Nf3 Nc6 7.Be3 a6 8.Qd2 b5 9.dxc5 Bxc5
10.Bxc5 Nxc5 11.Qf2 Qb6 12.Bd3 b4 13.Ne2 a5 14.O-O Ba6 15.Rfc1 O-O 16.Kh1 Rfb8
17.Bxa6 Rxa6 18.Ng3 Rc8 19.b3 Na7 20.Nd4 Nd7 21.Qd2 Qc5 22.Nge2 Nb5 23.Qd3 Rb6
24.Nxb5  1/2-1/2

[Event "EU-ch U18 Girls"]
[Site "Murek"]
[Date "1998.??.??"]
[Round "4"]
[White "Iwaniuk, Dorota"]
[Black "Batyte, Daiva"]
[Result "1/2-1/2"]
[WhiteElo "2195"]
[BlackElo "2150"]

1.e4 e6 2.d4 d5 3.Nc3 Nf6 4.e5 Nfd7 5.f4 c5 6.Nf3 Nc6 7.Be3 cxd4 8.Nxd4 Bc5
9.Qd2 a6 10.O-O-O O-O 11.h4 Bxd4 12.Bxd4 b5 13.Rh3 Bb7 14.Kb1 Rc8 15.h5 Qc7
16.Rg3 b4 17.Nxd5 exd5 18.e6 Nxd4 19.exd7 Qxc2+ 20.Qxc2 Rxc2 21.Rxd4 Rc7
22.h6 g6 23.Rxb4 Rxd7 24.Rgb3 Bc8 25.Rb6 d4 26.Bxa6 Bxa6 27.Rxa6 d3 28.Kc1 f6
29.Kd2 Rd5 30.Rxd3 Rh5 31.Ra7 Rxh6 32.Rh3 Rxh3 33.gxh3 g5 34.Ke3 Rb8 35.b3 Rb4
36.fxg5 fxg5 37.Kf3 Rf4+ 38.Kg3 Rd4 39.Ra4 Rd5 40.h4 gxh4+ 41.Kxh4 Kf7 42.Re4 Rd3
43.Kg5 Rd5+ 44.Kf4 Ra5 45.a4 Kf6 46.Re8 Ra7 47.Re4 h5 48.Kg3 Ra5 49.Kf4 Ra7
50.Ke3 Ra8 51.Kd4 Kf5 52.Re1 h4 53.Ra1 Ke6 54.Rh1 Rh8 55.Kc5 Kd7 56.b4 Kc7
57.Rh3 Kb7 58.b5 Rh5+ 59.Kb4 Rh7 60.a5 Rh8 61.a6+ Ka7 62.Ka5 Rh5 63.Rf3 h3
64.Rf7+ Ka8 65.a7 h2 66.Ka6 Rh8 67.b6 h1=Q 68.b7+ Qxb7+ 69.Rxb7 Rh6+  1/2-1/2

[Event "EU-ch U18 Girls"]
[Site "Murek"]
[Date "1998.??.??"]
[Round "5"]
[White "Calota, Alina"]
[Black "Batyte, Daiva"]
[Result "0-1"]
[WhiteElo "2175"]
[BlackElo "2150"]

1.e4 e6 2.d4 d5 3.Nc3 Nf6 4.e5 Nfd7 5.f4 c5 6.Nf3 Nc6 7.Be3 cxd4 8.Nxd4 Bc5
9.Qd2 a6 10.O-O-O O-O 11.g4 Qc7 12.Kb1 b5 13.Nce2 Na5 14.Qe1 Nc4 15.Bc1 b4
16.Ng3 Qb6 17.Nb3 Bf2 18.Qe2 a5 19.Qf3 Bb7 20.Bg2 Qa7 21.Nd2 Ba6 22.Nxc4 Bxc4
23.b3 Bb5 24.Bf1 Bc6 25.Bd3 a4 26.Qe2 axb3 27.cxb3 Bd4 28.h4 Nc5 29.Bxh7+ Kxh7
30.Rxd4 Nxb3 31.Qc2+ Kg8 32.Rd3 Nxc1 33.Rxc1 b3 34.Rxb3 Ba4 35.Qb2 Bxb3 36.axb3 Qe3
37.Ne2 Rfb8 38.Rc3 Qe4+ 39.Kc1 Rd8 40.Kd2 Qb4 41.Kd1 Ra3 42.Rf3 Rda8 43.Qc3 Qe4
44.Nc1 Ra1 45.Kd2 d4  0-1

[Event "EU-ch U14"]
[Site "Murek"]
[Date "1998.??.??"]
[Round "6"]
[White "Zawadzki, Stanislaw"]
[Black "Jeremic, Veljko"]
[Result "1-0"]
[WhiteElo "2245"]
[BlackElo "2120"]

1.e4 e6 2.d4 d5 3.Nc3 Nf6 4.e5 Nfd7 5.f4 c5 6.Nf3 Nc6 7.Be3 cxd4 8.Nxd4 Bc5
9.Qd2 Nxd4 10.Bxd4 Bxd4 11.Qxd4 Qb6 12.Qxb6 Nxb6 13.Nb5 Ke7 14.Bd3 g6 15.b3 Bd7
16.Nd4 Rac8 17.Kd2 Bc6 18.g4 h5 19.h3 Nd7 20.Raf1 hxg4 21.hxg4 g5 22.Ke3 gxf4+
23.Kxf4 Rcf8 24.g5 Rfg8 25.Re1 Kf8 26.Rh6 Kg7 27.Reh1 Rxh6 28.gxh6+ Kh8 29.Rh5 Rg2
30.b4 a6 31.Kf3 Rd2 32.h7 f6 33.exf6 e5 34.Nxc6 bxc6 35.f7 e4+ 36.Ke3 Rg2
37.Bxa6 Nf8 38.Bb7 Rxc2 39.Rg5 Rc3+ 40.Kd2 Rd3+ 41.Kc2 Kxh7 42.Rg8 Ne6 43.Bc8 Nd4+
44.Kb2 Rd2+ 45.Kc1 e3 46.Bf5+  1-0

[Event "EU-ch U18 Girls"]
[Site "Murek"]
[Date "1998.??.??"]
[Round "7"]
[White "Kucypera, Anna"]
[Black "Batyte, Daiva"]
[Result "1-0"]
[WhiteElo "2130"]
[BlackElo "2150"]

1.e4 e6 2.d4 d5 3.Nc3 Nf6 4.e5 Nfd7 5.f4 c5 6.Nf3 Nc6 7.Be3 cxd4 8.Nxd4 Bc5
9.Qd2 a6 10.O-O-O O-O 11.h4 Qc7 12.Rh3 b5 13.Nxc6 Qxc6 14.Ne2 Bxe3 15.Qxe3 Nb6
16.Nd4 Qc7 17.Bd3 Nc4 18.Qe2 f6 19.Qh5 f5 20.g4 b4 21.gxf5 Nxb2 22.Kxb2 Qc3+
23.Kb1 Qxd4 24.fxe6 g6 25.Bxg6 Qa7 26.Bf7+ Rxf7 27.exf7+ Qxf7 28.Rg3+ Kf8
29.Qxf7+ Kxf7 30.Rxd5 a5 31.Rd6 h5 32.Rf6+ Ke8 33.Rg8+ Kd7 34.Rf7+ Ke6 35.Rc7 Bb7
36.Rg6+ Kf5 37.Rf6+ Kg4 38.Rxb7 Kxh4 39.e6 Ra6 40.e7 Rxf6 41.e8=Q Rxf4 42.Rb5 Kg3
43.Rxh5 a4 44.Qe3+  1-0

[Event "EU-ch U18"]
[Site "Murek"]
[Date "1998.??.??"]
[Round "7"]
[White "Zakharov, Alexander S"]
[Black "Iljushin, Alexei"]
[Result "0-1"]
[WhiteElo "2375"]
[BlackElo "2470"]

1.d4 e6 2.e4 d5 3.Nc3 Nf6 4.e5 Nfd7 5.Nf3 b6 6.Bg5 Be7 7.h4 c6 8.Qd2 Ba6
9.Bxa6 Nxa6 10.Ne2 h6 11.Bxe7 Qxe7 12.O-O-O O-O-O 13.h5 Kb7 14.g4 c5 15.c3 b5
16.g5 Nb6 17.Rdg1 b4 18.gxh6 gxh6 19.Rg7 Rd7 20.Kb1 Nc4 21.Qc2 Rc8 22.Nd2 Nb6
23.Qh7 Na4 24.c4 Nb6 25.cxd5 exd5 26.Qxh6 cxd4 27.Nxd4 Qxe5 28.Rg4 Nc5 29.N2f3 Qe8
30.Qf4 Qe4+ 31.Ka1 Nd3 32.Qg3 Ne1 33.a3 Rc1+ 34.Ka2 Qb1+ 35.Kb3 Rc3+  0-1

[Event "EU-ch U12"]
[Site "Murek"]
[Date "1998.??.??"]
[Round "9"]
[White "Grachev, Boris"]
[Black "Murariu, Andrei"]
[Result "1-0"]
[WhiteElo "2235"]
[BlackElo "2085"]

1.e4 e6 2.d4 d5 3.Nc3 Nf6 4.e5 Ne4 5.Bd3 f5 6.exf6 Nxf6 7.Nf3 c5 8.Bf4 cxd4
9.Nb5 Na6 10.Nbxd4 Nc5 11.Bb5+ Bd7 12.O-O a6 13.Bxd7+ Qxd7 14.Ne5 Qc8 15.c4 Be7
16.cxd5 exd5 17.b4 Nce4 18.Rc1 Nc3 19.Qb3 Nfe4 20.Rfe1 Qd8 21.Rxc3 Nxc3 22.Qxc3 O-O
23.Ne6 Qc8 24.Qxc8 Rfxc8 25.Nd7 Rc4 26.Nb6 Bxb4 27.Rb1 Rc6 28.Nxa8 Rxe6 29.Nc7 Re2
30.Nxd5 Bc5 31.Be3 Bxe3 32.Nxe3 Rxa2 33.Rxb7 Ra1+ 34.Nf1  1-0

[Event "HUN-ch U16"]
[Site "Paks"]
[Date "1998.??.??"]
[Round "2"]
[White "Gonczi, Jozsef"]
[Black "Szilagyi, Zsolt"]
[Result "1-0"]
[WhiteElo "2140"]
[BlackElo "2115"]

1.e4 e6 2.d4 d5 3.Nc3 Nf6 4.e5 Nfd7 5.f4 c5 6.Nf3 Nc6 7.Be3 Qb6 8.Na4 Qa5+
9.c3 b6 10.Bd2 c4 11.b4 Nxb4 12.cxb4 Bxb4 13.Qc2 Bxd2+ 14.Nxd2 b5 15.Nc3 b4
16.Nd1 Nb6 17.Be2 Bd7 18.O-O Ba4 19.Qc1 Bxd1 20.Qxd1 Na4 21.Bxc4 Nb2 22.Qg4 Nxc4
23.Qxg7 O-O-O 24.Rfc1 Qc7 25.f5 a5 26.a3 Rhg8 27.Qf6 Qb6 28.Nb3 a4 29.Nc5 b3
30.Rab1 Rg4 31.Qxf7 Rxd4 32.Qxe6+ Qxe6 33.fxe6 Re8 34.Nxa4 Rxe6 35.Rxb3 Rxe5
36.Nb6+ Kd8 37.Nxc4 dxc4 38.Rb4 Rc5 39.Rc3 Kc7 40.Kf2 Kc6 41.Ke3 Kd5 42.Rb7 Re4+
43.Kf3 Kd4 44.Rc1 Rf5+ 45.Kg3 Re3+ 46.Kg4 Rd5 47.Rc7 c3 48.Rxh7 Rc5 49.Rd7+ Kc4
50.Kf4 Re2 51.Kf3 Rb2 52.h4 c2 53.Ke3 Kb3 54.Kd3 Ka2 55.Kd2 Rf5 56.g4 Rf2+
57.Ke3 Rb1 58.Rd2 Rxc1 59.Rxf2 Kb3 60.Kf4 Rd1 61.Rxc2 Kxc2 62.h5 Kd3 63.g5 Kd4
64.Kf5 Kd5 65.h6 Rh1 66.Kf6 Kd6 67.Kg7 Rc1 68.h7 Rc7+ 69.Kh6 Rc8 70.g6 Ke7
71.g7 Rc6+ 72.Kg5 Rc5+ 73.Kf4 Rc4+ 74.Ke5  1-0

[Event "Atom Cup GM 3rd"]
[Site "Paks"]
[Date "1998.??.??"]
[Round "5"]
[White "Molnar, Bela"]
[Black "Bunzmann, Dimitrij"]
[Result "0-1"]
[WhiteElo "2340"]
[BlackElo "2455"]

1.e4 e6 2.d4 d5 3.Nc3 Nf6 4.e5 Nfd7 5.Nce2 c5 6.c3 Nc6 7.f4 cxd4 8.cxd4 a5
9.Nf3 Nb6 10.Nc3 Bd7 11.Bd3 a4 12.O-O g6 13.g4 a3 14.b3 Nb4 15.Bb1 Qc7 16.Qe1 h5
17.gxh5 Rxh5 18.Ng5 Nc8 19.Bd2 Qb6 20.Kh1 Rh6 21.Nf3 Rh8 22.Ng5 Rh6 23.Nf3 Rh8
24.Ng5 Bc6 25.Ne2 Bb5 26.Bxb4 Bxb4 27.Qxb4 Bxe2 28.Qxb6 Nxb6 29.Rf2 Bb5 30.Bxg6 fxg6
31.Nxe6 Rc8 32.Nc5 Rc7 33.Rg1 Nd7 34.Ne6 Rc6 35.Rxg6 Bd3 36.Ng7+ Kf7 37.f5 Rxg6
38.fxg6+ Kxg7 39.Rf7+ Kxg6 40.Rxd7 Rh7 41.e6 Kf6 42.Rd6 Rg7  0-1

[Event "HUN-ch U14"]
[Site "Paks"]
[Date "1998.??.??"]
[Round "7"]
[White "Meszaros, Tamas"]
[Black "Jakab, Attila"]
[Result "0-1"]
[WhiteElo "2150"]
[BlackElo "2210"]

1.e4 e6 2.d4 d5 3.Nc3 Nf6 4.e5 Nfd7 5.f4 c5 6.Nf3 Nc6 7.Be3 cxd4 8.Nxd4 Bc5
9.Qd2 O-O 10.O-O-O a6 11.g4 Bxd4 12.Bxd4 b5 13.h4 b4 14.Ne2 a5 15.Kb1 a4
16.Nc1 Ba6 17.h5 Qc7 18.g5 Nxd4 19.Qxd4 Rfc8 20.Rh2 b3 21.cxb3 axb3 22.Nxb3 Nb6
23.g6 Bxf1 24.gxh7+ Kh8 25.Rxf1 Nc4 26.h6 g6 27.Qf2 Kxh7 28.Rc1 Qb7 29.Qd4 Qa6
30.a3 Qa4 31.Ka2 Rcb8 32.Rh3 Rb4 33.Nc5 Qb5 34.Rb3 Nxa3 35.Rxb4 Nc2+ 36.Kb1 Nxb4
37.Nb3 Qa4 38.Rc3 Qb5 39.Rc7 Kxh6 40.Qg1 Qd3+  0-1

[Event "Pardubice Czech op"]
[Site "Pardubice"]
[Date "1998.??.??"]
[Round "9"]
[White "Manik, Mikulas"]
[Black "Shtyrenkov, Veniamen"]
[Result "1-0"]
[WhiteElo "2460"]
[BlackElo "2460"]

1.e4 e6 2.d4 d5 3.Nc3 Nf6 4.e5 Nfd7 5.f4 c5 6.Nf3 Nc6 7.Be3 a6 8.Qd2 b5 9.dxc5 Bxc5
10.Bxc5 Nxc5 11.Qf2 Qb6 12.Bd3 Bb7 13.O-O O-O-O 14.a3 b4 15.axb4 Qxb4 16.Ne2 Kb8
17.Ned4 Nxd4 18.Nxd4 Rc8 19.Rab1 g6 20.Qe3 Rc7 21.c3 Qb6 22.Bc2 h5 23.Rfe1 Rhc8
24.Nf3 Nd7 25.Qxb6 Nxb6 26.Bd3 a5 27.Nd4 Bc6 28.Ba6 Rd8 29.Ra1 a4 30.b3 Be8
31.bxa4 Ka7 32.Bb5 Rc5 33.Reb1 Bxb5 34.Rxb5 Rdc8 35.Rb3 Nc4 36.Rab1 Na5 37.Rb5 Rxb5
38.Nxb5+ Ka6 39.g3 Rc4 40.Rb4 Rxb4 41.cxb4 Nc6 42.Nd6 Nxb4 43.Nxf7 Nc6 44.Ng5 Nd4
45.Kf2 Ka5 46.Ke3 Nf5+ 47.Kd3 Ng7 48.Nh7 Kxa4 49.Nf8 Kb5 50.Nxg6  1-0

[Event "Paris op"]
[Site "Paris"]
[Date "1998.??.??"]
[Round "4"]
[White "Relange, Eloi"]
[Black "Mela, Jerome"]
[Result "1-0"]
[WhiteElo "2490"]
[BlackElo "2215"]

1.e4 e6 2.d4 d5 3.Nc3 Nf6 4.e5 Nfd7 5.f4 c5 6.Nf3 Nc6 7.Be3 a6 8.Qd2 cxd4
9.Nxd4 Nxd4 10.Bxd4 Nb8 11.Qf2 Bd7 12.Bd3 b5 13.Bb6 Qc8 14.O-O Nc6 15.a3 Rb8
16.Kh1 g6 17.Ne2 Qb7 18.Be3 Be7 19.b4 Bd8 20.Nd4 Nxd4 21.Bxd4 O-O 22.c3 f5
23.exf6 Bxf6 24.h4 e5 25.fxe5 Bxe5 26.Qe3 Bxd4 27.Qxd4 Bf5 28.Bxf5 Rxf5 29.Rxf5 gxf5
30.Re1 Qf7 31.Re3 Re8 32.Rg3+ Kf8 33.Kh2 h5 34.Qh8+ Ke7 35.Re3+ Kd7 36.Rxe8 Qxe8
37.Qxe8+ Kxe8 38.Kg3  1-0

[Event "Paris op"]
[Site "Paris"]
[Date "1998.??.??"]
[Round "7"]
[White "Bergez, Luc"]
[Black "Mela, Jerome"]
[Result "1-0"]
[WhiteElo "2420"]
[BlackElo "2215"]

1.e4 e6 2.d4 d5 3.Nc3 Nf6 4.e5 Nfd7 5.f4 c5 6.Nf3 Nc6 7.Be3 a6 8.Qd2 b5 9.dxc5 Bxc5
10.Bxc5 Nxc5 11.b4 Ne4 12.Nxe4 dxe4 13.Ng5 f5 14.exf6 Qxf6 15.Rd1 O-O 16.g3 Rd8
17.Nxe4 Qe7 18.Nd6 e5 19.Qd5+ Be6 20.Qxc6 exf4 21.Be2 Bg4 22.Qe4 Qxe4 23.Nxe4 Re8
24.Bxg4 Rxe4+ 25.Kf2 fxg3+ 26.Kxg3 Rxb4 27.Rhe1  1-0

[Event "Paris op"]
[Site "Paris"]
[Date "1998.??.??"]
[Round "8"]
[White "Apicella, Manuel"]
[Black "Legky, Nikolay A"]
[Result "1/2-1/2"]
[WhiteElo "2535"]
[BlackElo "2465"]

1.e4 e6 2.d4 d5 3.Nc3 Nf6 4.e5 Nfd7 5.f4 c5 6.Nf3 Nc6 7.Be3 a6 8.Qd2 b5 9.a3 Qb6
10.Be2 cxd4 11.Nxd4 Bc5 12.Rd1 Bb7 13.O-O Rc8 14.Kh1 Bxd4 15.Bxd4 Qxd4 16.Qxd4 Nxd4
17.Rxd4 Ke7 18.a4 bxa4 19.Rxa4 Rc7 20.Rfa1 Rb8 21.Rb4 g5 22.fxg5 Nxe5 23.Kg1 Rg8
24.h4 h6 25.gxh6 Rh8 26.Bxa6 Bc6 27.Be2 Rxh6 28.h5 Rc8 29.Ra7+ Kf6 30.Nd1 Rhh8
31.Nf2 Rb8 32.Rf4+ Kg7 33.Nd3 Nd7 34.g4 e5 35.Rf5 e4 36.Nc5 Nxc5 37.Raxf7+ Kg8
38.R7f6 Be8 39.h6 Kh7 40.Rxd5 Nd7 41.Re6 Nf8 42.Rxe4 Ng6 43.Bd3 Kxh6 44.Rd6 Kg5
45.Rd5+ Kh6 46.Rd6 Kg5 47.Rxe8 Rhxe8 48.Rxg6+ Kf4 49.Kf2 Rxb2 50.Rg7 Rc8  1/2-1/2

[Event "Paris"]
[Site "Paris"]
[Date "1998.??.??"]
[Round "9"]
[White "Montheard, Xavier"]
[Black "Marzolo, Cyril"]
[Result "1/2-1/2"]
[WhiteElo "2220"]
[BlackElo "2355"]

1.e4 e6 2.d4 d5 3.Nc3 Nf6 4.e5 Nfd7 5.Bf4 c5 6.Nf3 Nc6 7.Be3 cxd4 8.Nxd4 Bc5
9.Qd2 O-O 10.O-O-O h6 11.Kb1 Nxd4 12.Bxd4 Qc7  1/2-1/2

[Event "US-chT Amateur East"]
[Site "Parsippany"]
[Date "1998.??.??"]
[Round "2"]
[White "Resika, Nathan A"]
[Black "Teasley, Dolly O"]
[Result "1-0"]
[WhiteElo "2170"]
[BlackElo "2170"]

1.e4 e6 2.d4 d5 3.Nc3 Nf6 4.e5 Nfd7 5.f4 c5 6.Nf3 Nc6 7.Be3 cxd4 8.Nxd4 Nxd4
9.Bxd4 Bc5 10.h4 O-O 11.Qd2 Bxd4 12.Qxd4 Qb6 13.Nb5 Qxd4 14.Nxd4 a6 15.Bd3 Nc5
16.Kd2 Bd7 17.Ke3 Rac8 18.g4 f6 19.Rhf1 fxe5 20.fxe5 Rxf1 21.Rxf1 h6 22.Rf2 Rf8
23.Bh7+ Kxh7 24.Rxf8  1-0

[Event "Plzen opJ-D"]
[Site "Plzen"]
[Date "1998.??.??"]
[Round "1"]
[White "Freh, W."]
[Black "Horyna, Josef"]
[Result "1/2-1/2"]
[WhiteElo "1655"]
[BlackElo "1930"]

1.e4 e6 2.d4 d5 3.Nc3 Nf6 4.e5 Nfd7 5.f4 c5 6.Nf3 Nc6 7.Be3 Be7 8.Be2 f5
9.O-O a6 10.a3 b5 11.dxc5 Nxc5 12.Kh1 Bb7 13.Qd2 Ne4 14.Nxe4 dxe4 15.Nd4 Nxd4
16.Bxd4 Rc8 17.c3 O-O 18.Qe3 Rc6 19.Rfd1 Qc8 20.Rd2 Rd8 21.Rad1 Rd5 22.Kg1 Rc7
23.Kf1 Qe8 24.g3 g6 25.Ke1 Qf8 26.h4 h6 27.Bf1 Bc5 28.Be2 Bxd4 29.Rxd4 Qc5
30.Kf2 Rcd7 31.Rxd5 Qxe3+ 32.Kxe3 Rxd5 33.Rxd5 Bxd5 34.a4  1/2-1/2

[Event "Plzen opJ-B"]
[Site "Plzen"]
[Date "1998.??.??"]
[Round "8"]
[White "Kolar, F."]
[Black "Obratil, J."]
[Result "0-1"]
[WhiteElo "1630"]
[BlackElo "1605"]

1.e4 e6 2.d4 d5 3.Nc3 Nf6 4.e5 Nfd7 5.f4 c5 6.Nf3 Nc6 7.Be3 Qb6 8.Na4 Qa5+
9.c3 cxd4 10.b4 Qc7 11.Nxd4 a6 12.b5 Na5 13.b6 Qd8 14.Rc1 Ba3 15.Rb1 Qe7
16.Nb3 Nxb3 17.Qxb3 Nc5 18.Nxc5 Bxc5 19.Bxc5 Qxc5 20.c4 Bd7 21.g3 Bc6 22.Qc2 dxc4
23.Rg1  0-1

[Event "RUS-ch sf"]
[Site "Pskov"]
[Date "1998.??.??"]
[Round "11"]
[White "Alavkin, Arseny"]
[Black "Fakhretdinov, Robert"]
[Result "1/2-1/2"]
[WhiteElo "2440"]
[BlackElo "2395"]

1.e4 e6 2.d4 d5 3.Nc3 Nf6 4.e5 Nfd7 5.f4 c5 6.Nf3 Nc6 7.Be3 Qb6 8.Na4 Qa5+
9.c3 c4 10.b4 Qc7 11.Be2 Be7 12.O-O f5 13.Bf2 Nf8 14.Ne1 Bd7 15.Nc5 Ng6 16.Bh5 Nd8
17.Be3 b6 18.Nxd7 Qxd7 19.Rf3 O-O 20.Bxg6 hxg6 21.Rh3 a5 22.a3 axb4 23.axb4 Rxa1
24.Qxa1 Nc6 25.Nc2 Qa7 26.Qxa7 Nxa7 27.Na3 Ra8 28.Rf3 Nc6 29.Nb5 Ra4 30.Bd2 Na7
31.Nxa7 Rxa7 32.Kf2 Ra2 33.Ke1 Ra1+ 34.Ke2 Kf7 35.Rh3 Kg8 36.Rg3 Rh1 37.Rh3 Ra1
38.Rg3 Kf7 39.Rh3 Ra8 40.Kd1 Ra2 41.Ke1 Ke8 42.Rh7 Bf8 43.Rh3 Ra1+ 44.Ke2 Rg1
45.Kf2 Rb1 46.Ke2 Rb2 47.Kd1 Kf7 48.Ke1 Ra2 49.Kd1 Ra8 50.Ke2 Be7 51.Kd1 Rf8
52.Ke2 Rc8 53.Kd1 Rg8 54.Kc2 Ke8 55.Kd1 Bd8 56.Ke2 Be7 57.Kd1 Bf8 58.Ke2 Be7
59.Kd1 b5 60.Kc2 Kf7 61.Kc1 Ra8 62.Kb2 Kg8 63.Be3 Rf8 64.Bd2 Kf7 65.Kc2  1/2-1/2

[Event "CRO-Cup"]
[Site "Pula"]
[Date "1998.??.??"]
[Round "1"]
[White "Armanda, Ivica"]
[Black "Kovacevic, Blazimir"]
[Result "1/2-1/2"]
[WhiteElo "2270"]
[BlackElo "2395"]

1.e4 e6 2.d4 d5 3.Nc3 Nf6 4.e5 Nfd7 5.f4 c5 6.Nf3 Nc6 7.Bd3 cxd4 8.Ne2 Bb4+
9.Bd2 Bc5 10.O-O f6 11.Ng3 O-O 12.a3 Qc7 13.b4 Bb6 14.Qe2 a6 15.Rae1 f5 16.Ng5 Nd8
17.Kh1 g6 18.Rg1 h6 19.Nf3 Rf7 20.Nf1 h5 21.Ng5 Rg7 22.h3 Nf8 23.g4 hxg4
24.hxg4 Nf7 25.gxf5 Nxg5 26.Rxg5 exf5 27.Qg2 Kf7 28.Nh2 Ne6 29.Rg3 Bd7 30.Qh3 Rag8
31.Reg1 Nf8 32.Nf3 Ke8 33.Ng5 Qc6 34.Qg2 Bd8 35.Rh3 Bxg5 36.Qxg5 Qe6 37.b5 Bxb5
38.Bxb5+ axb5 39.Rb1 Qe7 40.Qxe7+ Rxe7 41.Rxb5 Ne6 42.Rxd5 Rc7 43.Rd6 Nc5
44.Ba5 Rd7 45.Bb6 Rxd6 46.exd6 Ne6 47.Rh7 Rg7 48.Rxg7 Nxg7 49.Bxd4 Ne6 50.Be5 g5
51.fxg5 Nxg5 52.Kg2  1/2-1/2

[Event "CRO-Cup"]
[Site "Pula"]
[Date "1998.??.??"]
[Round "5"]
[White "Bozanic, Ivica"]
[Black "Muslija, Idris"]
[Result "1/2-1/2"]
[WhiteElo "2265"]
[BlackElo "2245"]

1.e4 e6 2.d4 d5 3.Nc3 Nf6 4.e5 Nfd7 5.f4 c5 6.Nf3 Nc6 7.Bd3 Be7 8.O-O cxd4
9.Ne2 O-O 10.Nexd4 Nc5 11.c3 Nxd3 12.Qxd3 f6 13.Be3 fxe5 14.Nxe5 Bd7 15.Rae1 Nxe5
16.fxe5 Qc7 17.Bf4 Qb6 18.Rf2 Bh4 19.g3 Be7 20.Ref1 Be8 21.Qd2 Bg6 22.Bg5 Bc5
23.Be3 Qa6 24.Rxf8+ Rxf8 25.Rxf8+ Bxf8 26.a3 Bf7 27.Qe2 Qa4 28.Qc2 Qc4 29.Kf2 Qc7
30.Nf3 a6 31.Qd2  1/2-1/2

[Event "CRO-chT2"]
[Site "Pula"]
[Date "1998.??.??"]
[Round "8"]
[White "Sulc, Damir"]
[Black "Goric, Esad"]
[Result "0-1"]
[WhiteElo "2275"]
[BlackElo "2310"]

1.e4 e6 2.d4 d5 3.Nc3 Nf6 4.e5 Nfd7 5.f4 c5 6.Nf3 Nc6 7.Be3 cxd4 8.Nxd4 Nxd4
9.Bxd4 Nb8 10.Qd2 Nc6 11.O-O-O Bd7 12.h4 Nxd4 13.Qxd4 Qa5 14.Kb1 O-O-O 15.Rh3 Kb8
16.Qd2 Rc8 17.Ne2 Qxd2 18.Rxd2 Bb5 19.Rf3 h5 20.Nd4 Bxf1 21.Rxf1 g6 22.c3 Rc4
23.g3 a6 24.Rf3 Be7 25.a3 Rhc8 26.Rdd3 Bd8 27.b3 R4c7 28.Kb2 Be7 29.Nc2 Bc5
30.Nd4 Bb6 31.Nc2 Ba7 32.Nd4 Rxc3 33.Rxc3 Bxd4 34.Kc2 Bxc3 35.Rxc3 Rxc3+
36.Kxc3 Kc7 37.Kd4 Kc6 38.Kd3 Kc5 39.Kc3 d4+  0-1

[Event "ISL-chT9899"]
[Site "Reykjavik"]
[Date "1998.??.??"]
[Round "?"]
[White "Vidarsson, Jon G"]
[Black "Thorhallsson, Throstur"]
[Result "1/2-1/2"]
[WhiteElo "2367"]
[BlackElo "2499"]

1.e4 e6 2.d4 d5 3.Nc3 Nf6 4.e5 Nfd7 5.f4 c5 6.Nf3 Qb6 7.Be3 a6 8.Na4 Qa5+
9.c3 cxd4 10.b4 Qc7 11.Bxd4 Nc6 12.a3 Be7 13.Bd3 b5 14.Nb2 Nb6 15.Qc2 Nxd4
16.Nxd4 Bd7 17.O-O g6 18.Rac1 O-O 19.Qe2 Rfc8 20.g4 a5 21.f5 axb4 22.axb4 Ra3
23.Qf3 exf5  1/2-1/2

[Event "Rhein an Main op"]
[Site "Rhein"]
[Date "1998.??.??"]
[Round "2"]
[White "Pfreundtner, Bernhard"]
[Black "Schmittdiel, Eckhard"]
[Result "0-1"]
[WhiteElo "2115"]
[BlackElo "2460"]

1.e4 e6 2.d4 d5 3.Nc3 Nf6 4.e5 Nfd7 5.f4 c5 6.Nf3 Nc6 7.Be3 a6 8.Qd2 b5 9.dxc5 Qa5
10.Bd3 Nxc5 11.Nd4 Nxd3+ 12.cxd3 Nxd4 13.Bxd4 b4 14.Ne2 Be7 15.O-O O-O 16.a4 Bd7
17.Rfc1 Rfc8 18.b3 Qd8 19.Qe3 Qf8 20.Rxc8 Rxc8 21.Rc1 f6 22.Rxc8 Qxc8 23.Qc1 Qb8
24.Kh1 Be8 25.Ng1 Bg6 26.Qc2 Qb7 27.Nf3 Bh5 28.Ng1 Kf7 29.h3 f5 30.g3 g5
31.fxg5 Bxg5 32.Kg2 Be3 33.Bxe3 d4+ 34.Kf2 dxe3+ 35.Kxe3 Qh1 36.g4 Qxg1+  0-1

[Event "SWE-ch qualA"]
[Site "Ronneby"]
[Date "1998.??.??"]
[Round "?"]
[White "Karlsson, Tomas"]
[Black "Nordstrom, Felix"]
[Result "1/2-1/2"]
[WhiteElo "2190"]
[BlackElo "2165"]

1.e4 e6 2.d4 d5 3.Nc3 Nf6 4.e5 Nfd7 5.Nce2 c5 6.c3 Nc6 7.f4 f5 8.Nf3 Be7
9.Be3 O-O 10.dxc5 Nxc5 11.Bxc5 Bxc5 12.Ned4 Qb6 13.b4 Nxd4 14.Nxd4 Be7 15.Be2 g5
16.g3 Bd7 17.O-O a5 18.a3 axb4 19.axb4 Rxa1 20.Qxa1 Rc8 21.Qb2 Qc7 22.Rc1 Bf8
23.Kg2 Qd8 24.Qd2 Bh6 25.Rf1 gxf4 26.gxf4 Qc7 27.Qd3 Qxc3 28.Nxf5 Bf8 29.Nd4 Bxb4
30.f5 Qxd3 31.Bxd3 exf5 32.e6 Bc6 33.Rxf5 Bc3 34.Nxc6 bxc6 35.Rh5 Rc7 36.Bxh7+ Kg7
37.Bf5 Kf6 38.Bg4 Rg7 39.h3 Ke7 40.Kf3 Kd6 41.Ke3 c5 42.Rf5 c4  1/2-1/2

[Event "SWE-ch"]
[Site "Ronneby"]
[Date "1998.??.??"]
[Round "7"]
[White "Ernst, Thomas"]
[Black "Brynell, Stellan"]
[Result "1/2-1/2"]
[WhiteElo "2410"]
[BlackElo "2475"]

1.e4 e6 2.d4 d5 3.Nc3 Nf6 4.e5 Nfd7 5.f4 c5 6.Nf3 Nc6 7.Be3 cxd4 8.Nxd4 Bc5
9.Qd2 O-O 10.O-O-O a6 11.Kb1 Bxd4 12.Bxd4 b5 13.h4 b4 14.Na4 Nxd4 15.Qxd4 Qa5
16.b3 Bb7 17.Rh3 Bc6  1/2-1/2

[Event "SWE-ch"]
[Site "Ronneby"]
[Date "1998.??.??"]
[Round "13"]
[White "Berg, Emanuel"]
[Black "Brynell, Stellan"]
[Result "1-0"]
[WhiteElo "2390"]
[BlackElo "2475"]

1.e4 e6 2.d4 d5 3.Nc3 Nf6 4.e5 Nfd7 5.f4 c5 6.Nf3 Nc6 7.Be3 cxd4 8.Nxd4 Bc5
9.Qd2 O-O 10.O-O-O a6 11.h4 Bxd4 12.Bxd4 b5 13.Rh3 b4 14.Na4 Qa5 15.b3 Nxd4
16.Qxd4 Bb7 17.Rg3 Bc6 18.f5 Qc7 19.fxe6 fxe6 20.Nc5 Nxc5 21.Qxc5 Qxe5 22.Re3 Qf4
23.Kb1 Rac8 24.Rf3 Qc7 25.Bxa6 Rxf3 26.Bxc8 Rf6 27.Ba6 Rf8 28.Qxb4 Be8 29.Qg4 Rf5
30.Re1 Bf7 31.Bd3 Rf4 32.Qg5 h6 33.Qe5 Qxe5 34.Rxe5 Kf8 35.a4 Ke7 36.a5 Kd6
37.Re1 e5 38.a6 Be8 39.g3 Rf6 40.Rf1 Kc5 41.Rxf6 gxf6 42.c3 Kb6 43.Kc1 Bh5
44.Kd2 Bg4 45.b4 Bc8 46.b5 Be6 47.Ke3 Bf7 48.Be2 Be6 49.Kd2 Bf7 50.Kc2 Bg6+
51.Kb3 Be4 52.Kb4 Bg2 53.c4 dxc4 54.Bxc4 Bf3 55.Kc3 Bg2 56.Kd2 Bf3 57.Ke3 Bg2
58.Be2 Bd5 59.Bf3 Bc4 60.Be2 Bd5 61.Bf3 Bc4 62.Ke4 Bxb5 63.Kf5 Bxa6 64.Kxf6 Kc5
65.Kxe5 Bd3 66.h5 Bh7 67.g4 Kc4 68.Be4 Bg8 69.Bf5 Kc5 70.Kf6 Kd6 71.Kg7  1-0

[Event "San Jose op"]
[Site "San Jose"]
[Date "1998.??.??"]
[Round "2"]
[White "Rodes Apilluelo, Jose Maria"]
[Black "Sanchez Gimeno, MA."]
[Result "1/2-1/2"]
[WhiteElo "2100"]
[BlackElo "1780"]

1.e4 e6 2.d4 d5 3.Nc3 Nf6 4.e5 Nfd7 5.Nf3 c5 6.Bg5 f6 7.exf6 Nxf6 8.Bb5+ Nc6
9.Ne5 Bd7 10.Bxf6 Qxf6 11.Nxd7 Kxd7 12.dxc5 Bxc5 13.O-O Rhf8 14.Ne4 Qd4 15.Nxc5+ Qxc5
16.c4 Rf4 17.Rc1 Raf8 18.cxd5 Qxd5 19.Bxc6+ bxc6 20.Qc2 Kc7 21.f3 h5 22.a4 a5
23.Qf2 Qd4 24.b3 Qxf2+ 25.Rxf2 Rd8 26.Rfc2 Rd6 27.Rc5 Rf5 28.Rxf5 exf5 29.Rc3 f4
30.h4 Rd1+ 31.Kh2 Rd4 32.Rc5 Rd5 33.Rc4 Rf5 34.Kg1 Kd6 35.Kf2 c5 36.Ke2 Re5+
37.Kd3 Re3+ 38.Kc2 Re2+ 39.Kd3 Re3+ 40.Kc2 Re2+ 41.Kc3 Re3+ 42.Kb2 Re2+ 43.Rc2 Rxc2+
44.Kxc2 Ke5 45.Kd3 Kd5 46.Kc3 Kd6  1/2-1/2

[Event "San Jose op"]
[Site "San Jose"]
[Date "1998.??.??"]
[Round "4"]
[White "Abad, JM."]
[Black "Ballonga, A."]
[Result "0-1"]
[WhiteElo "2500"]
[BlackElo "1835"]

1.e4 e6 2.d4 d5 3.Nc3 Nf6 4.e5 Nfd7 5.Nf3 c5 6.dxc5 Nc6 7.Bb5 Bxc5 8.a3 O-O
9.b4 Bb6 10.Bd3 Ncxe5 11.Bxh7+ Kxh7 12.Ng5+ Kg8 13.Qh5 Nf6 14.Qh4 Ng6 15.Qg3 Qc7
16.Qxc7 Bxc7 17.Nb5 Be5 18.Rb1 a6 19.f4 Nxf4 20.O-O Ne2+ 21.Kh1 axb5 22.Bd2 Rxa3
23.Nf3 Bc7 24.Rfe1 Nc3 25.Rbc1 Bb6 26.Ne5 Nce4  0-1

[Event "San Jose op"]
[Site "San Jose"]
[Date "1998.??.??"]
[Round "8"]
[White "Cervera Procas, Ramon"]
[Black "Baldellou, R."]
[Result "1/2-1/2"]
[WhiteElo "2010"]
[BlackElo "2120"]

1.e4 e6 2.d4 d5 3.Nc3 Nf6 4.e5 Nfd7 5.Nf3 a6 6.Ne2 c5 7.c3 Nc6 8.a3 cxd4
9.cxd4 b5 10.Nc3 b4 11.axb4 Bxb4 12.Bd3 Qb6 13.Be3 a5 14.O-O Ba6 15.Re1 Bxd3
16.Qxd3 Bxc3 17.bxc3 Qa6 18.Qxa6 Rxa6 19.Reb1 Nb6 20.Ne1 O-O 21.Nd3 Rb8 22.Bc1 Raa8
23.Nc5 Nc4 24.f4 Rxb1 25.Rxb1 a4 26.Ra1 a3 27.Ra2 Na7 28.Nb3 Nb5 29.Rc2 Rb8
30.Kf2 Nc7 31.Nd2 Nxd2 32.Rxd2 Rb3 33.Rc2 Nb5 34.c4 Nxd4 35.Rd2 Nc6 36.cxd5 exd5
37.Ra2 Nb4 38.Rxa3 Nd3+ 39.Kf1 Rxa3 40.Bxa3 Nxf4 41.Bd6 h5 42.Kf2 Kh7 43.Kf3 Ne6
44.Be7 Kg6 45.g4 Nd4+ 46.Kf4 hxg4 47.Kxg4 Nc6 48.Bd6 d4 49.Kf4 d3 50.Ke3 Kf5
51.Kxd3 Nxe5+ 52.Ke2 Ke4 53.Kf2 f5 54.Bf8 g6 55.Bd6 Nd3+ 56.Kg3 f4+ 57.Kg4 f3
58.Bg3  1/2-1/2

[Event "Sao Paulo State-ch3"]
[Site "Sao Caetano"]
[Date "1998.??.??"]
[Round "?"]
[White "Rocha, Wellington Carlos"]
[Black "Dianda, Joao Carlos"]
[Result "1-0"]
[WhiteElo "2325"]
[BlackElo "2090"]

1.e4 e6 2.d4 d5 3.Nc3 Nf6 4.e5 Nfd7 5.f4 c5 6.Nf3 Nc6 7.Be3 a6 8.Qd2 b5 9.Be2 Qb6
10.O-O cxd4 11.Nxd4 Bc5 12.Rad1 O-O 13.Rf3 Nxd4 14.Bxd4 b4 15.Na4 Bxd4+ 16.Qxd4 Qa5
17.b3 Bb7 18.Bd3 g6 19.Rh3 Rfe8 20.Qf2 Bc6 21.Qh4 Nf8 22.Qh6 Bb5 23.g4 Bxd3
24.cxd3 Qc7 25.Kh1 Qe7 26.d4 f6 27.Nc5 fxe5 28.fxe5 Qg7 29.Qxg7+ Kxg7 30.Rf3 Re7
31.Nd3 a5 32.Rc1 Raa7 33.Rc8 Nd7 34.Kg2 Nb6 35.Rc6 Nd7 36.Rf1 Nb8 37.Rc8 Na6
38.Rff8 Rec7 39.Nf4 Re7 40.g5  1-0